|
|
|
|
| LEADER |
00000nam a2200000 a 4500 |
| 001 |
UCQ8887 |
| 003 |
CL-VaPUC |
| 008 |
981217e19660000FR |||||||||||||||||fre|d |
| 082 |
0 |
4 |
|a 519.72
|b DAN
|2 21
|
| 100 |
|
|
|a Dantzig, George Bernard
|e author
|9 564507
|
| 245 |
1 |
0 |
|a Applications et prolongments de la programmation linéaire
|
| 300 |
|
|
|a 433 p
|
| 942 |
|
|
|c BK
|
| 945 |
|
|
|d 19981217 00:00:00
|a crobeson
|
| 260 |
|
|
|a París
|b Dunod
|c 1966
|
| 650 |
|
0 |
|a Programación lineal
|9 23
|
| 650 |
|
7 |
|a PROGRAMCION MATEMATICA
|2 CL-VaPUC
|9 360108
|
| 650 |
|
0 |
|a Ecuaciones lineales
|9 342219
|
| 650 |
|
0 |
|a Geometría
|9 264063
|
| 650 |
|
0 |
|a Vectores
|9 317184
|
| 650 |
|
0 |
|a Matrices
|9 22
|
| 650 |
|
7 |
|a PROGRAMACION DISCRETA
|2 CL-VaPUC
|9 360109
|
| 583 |
|
|
|a last modification
|c 19981217 00:00:00
|k Rodrigo Vera
|
| 999 |
|
|
|c 278056
|d 278054
|
| 952 |
|
|
|0 0
|1 0
|4 0
|6 519_720000000000000_DAN_1966
|7 0
|8 A
|9 316391
|a BIBMAT
|b BIBMAT
|d 2019-11-20
|i 1305573
|o 519.72 DAN 1966
|p 1305573
|r 2025-01-07
|w 2019-11-20
|y BK
|k MAT
|